000 01387nam0a22002651 4500
001 rc\4849322
005 20130426143222.5
021 _aRU
_bП1090-68
035 _a(NLR Aleph) 008813803
090 _a8178454
_c8178454
100 _a20130426d1966 |||y0rusy50 ca
101 0 _arus
102 _aRU
105 _ay ac |||||
200 1 _aТолкающие конвейеры
_eБиблиогр. указатель отечеств. и иностр. литературы за 1960-1966 гг. (I полугодие)
_fМ-во тяжелого, энерг. и трансп. машиностроения. Центр. науч.-техн. б-ка тяжелого машиностроения. Науч.-исслед. ин-т информации по тяжелому, энерг. и трансп. машиностроению. НИИИнформтяжмаш. ЦНТБТяжмаш
210 _aМосква
_cБ. и.
_d1966
215 _a25 с.
_d21
225 1 _a[Подъемно-транспортное оборудование и механизация погрузочно-разгрузочных и складских работ
_vТема] ЦБ-28-8
300 _aВ вып. дан. сост.: Н.Н. Орлова
702 1 _aОрлова
_bН. Н.
_4220
801 0 _aRU
_bNLR
_gpsbo
801 1 _aRU
_bELAR
_2rusmarc
852 _aNLR
_jС307-410/П45
942 _cBOOK
980 _aNB